Blues Musician... or Mobster? - Statistics

General Stats
  • This quiz has been taken 129 times
  • The average score is 20 of 28
Answer Stats
Hint Answer % Correct
Muddy Waters Blues Musician
91%
Howlin' Wolf Blues Musician
89%
Scarface Mobster
88%
Blind Lemon Jefferson Blues Musician
82%
Joey Brains Mobster
82%
Lightnin' Hopkins Blues Musician
81%
T-Bone Walker Blues Musician
81%
Jackie Nose Mobster
81%
Quack Quack Ruggiero Mobster
80%
Joe Bananas Mobster
79%
Big Mama Thornton Blues Musician
78%
Lead Belly Blues Musician
76%
Hambone Willie Blues Musician
71%
The Chicken Man Testa Mobster
69%
Blind Boy Fuller Blues Musician
68%
Willie Potatoes Mobster
68%
Louie HaHa Mobster
65%
Ice-Pick Willie Mobster
64%
Cock-Eyed Lou Mobster
64%
Bumble Bee Slim Blues Musician
63%
Junior Lollipops Mobster
63%
Tick-Tock Tannenbaum Mobster
59%
Baby Shacks Mobster
58%
Pinetop Sparks Blues Musician
56%
Shellackhead Mobster
56%
Pat the Cat Mobster
56%
Barbecue Bob Blues Musician
43%
Speckled Red Blues Musician
42%
No matching quizzes found
Score Distribution
Percent of People with Each Score
Percentile by Number Answered
Your Score History
You have not taken this quiz